000 nam a22 7a 4500
999 _c8661
_d8661
008 180118b ||||| |||| 00| 0 eng d
100 _aNCERT
_95027
245 _aEnvironmental Studies
260 _aNew Delhi
_bNCERT
_c2008